Heritage tourism

Αποθηκεύτηκε σε:
Λεπτομέρειες βιβλιογραφικής εγγραφής
Κύριος συγγραφέας: Timothy, Dallen J.
Άλλοι συγγραφείς: Boyd, Stephen W.
Μορφή: Βιβλίο
Γλώσσα:English
Δημοσίευση: Harlow, England : Pearson Education, Prentice Hall, 2003
Σειρά:Themes in tourism
Θέματα:
Ετικέτες: Προσθήκη ετικέτας
Δεν υπάρχουν, Καταχωρήστε ετικέτα πρώτοι!

MARC

LEADER 00000cam a2200000 i 4500
001 1/54457
008 040512s2003 eng d
020 |a 0-582-36970-3 
035 |l 10073265 
040 |a GR-MY-UA  |b gre  |e aacr 
041 0 |a eng 
100 1 |a Timothy, Dallen J. 
245 1 0 |a Heritage tourism /  |c Dallen J. Timothy and Stephen W. Boyd 
260 |a Harlow, England :   |b Pearson Education,   |b  Prentice Hall,   |c 2003 
300 |a xvi, 327 σ.;  |b εικ.;  |c 24 εκ. 
490 1 |a Themes in tourism 
504 |a Περιλαμβάνει βιβλιογραφικές αναφορές και ευρετήριο 
650 0 0 |a Heritage tourism. 
700 1 |a Boyd, Stephen W. 
830 0 |a Themes in tourism 
852 |a INST  |b CHIOS  |e 20040512  |h 338.4791 TIM  |p 005200023229  |q 005200023229  |t BK  |y 0 
901 |a BIBL2-2003-3 
909 |a Χ  |b 108867 
970 |a ΣΠΕΝΤΖΑ  |b ΕΛΕΝΗ  |z 2003/12/05